O clique (Record no. 195502)
[ view plain ]
| 000 -LÍDER | |
|---|---|
| campo de controle de tamanho fixo | 00483nam a22001817a 4500 |
| 001 - NÚMERO DE CONTROLE | |
| campo de controle | 195502 |
| 003 - IDENTIFICADOR DO NÚMERO DE CONTROLE | |
| campo de controle | OSt |
| 005 - DATA E HORÁRIO DA ÚLTIMA TRANSAÇÃO | |
| campo de controle | 20240617094920.0 |
| 008 - CAMPO DE DADOS FIXOS--INFORMAÇÃO GERAL | |
| campo de controle de tamanho fixo | 240617b |||||||| |||| 00| 0 POR d |
| 020 ## - ISBN - INTERNATIONAL STANDARD BOOK NUMBER | |
| ISBN - International Standard Book Number | 9788586402326 |
| 040 ## - FONTE DA CATALOGAÇÃO | |
| Instituição da catalogação original | Colégio Cândido Portinari |
| Idioma da catalogação | Português |
| Instituição que transcreveu o registro | Colégio Cândido Portinari |
| 082 ## - CDD - CLASSIFICAÇÃO DECIMAL DE DEWEY | |
| Número de Classificação | 028.5 |
| 100 ## - ENTRADA PRINCIPAL--NOME PESSOAL | |
| Nome pessoal | Ziraldo |
| Função do autor por extenso | Author |
| 9 (RLIN) | 177 |
| 245 ## - TÍTULO | |
| Título | O clique |
| 260 ## - PUBLICAÇÃO, DISTRIBUIÇÃO, ETC. | |
| Local de publicação, distribuição, etc. | Salvador, [20--?] |
| 650 #0 - ASSUNTO--TERMO TÓPICO | |
| Cabeçalho tópico ou nome geográfico | Literatura infantojuvenil |
| 9 (RLIN) | 1221 |
| 942 ## - ELEMENTOS DE ENTRADA ADICIONADOS (KOHA) | |
| Fonte da classificação ou esquema de arquivamento na estante | |
| Tipo de material Koha | Livros |
| Ocultar no OPAC | Não |
| Situação do descarte | Situação das perdas | Fonte da classificação ou esquema de arquivamento na estante | Situação física | Não pode ser emprestado | Biblioteca de origem | Biblioteca atual | Data de aquisição | Total de empréstimos | Número de chamada completo | Código de barras | Data de último acesso | Data do preço efetivo | Tipo de material Koha |
|---|---|---|---|---|---|---|---|---|---|---|---|---|---|
| Portinari - Salvador | Portinari - Salvador | 17/06/2024 | 028.5 Z81c | 10843/CCP | 17/06/2024 | 17/06/2024 | Livros |